Score 0/12 Timer 01:00
0 Plays Today
% Correct
Lira
86.5%
Peseta
74.3%
Drachma
73.4%
Franc
68.5%
Punt √Čireannach
61.5%
Escudo
60.6%
Gulden
55.4%
Schilling
53%
Markka
47.2%
Litas
46.8%
Koruna
39.4%
Tolar
34.4%

Today's Daily Dose

Remove Ads.
Support Sporcle.
Get the best of Sporcle when you Go Orange. This ad-free experience offers more features, more stats, and more fun while also helping to support Sporcle. Thank you for becoming a member.

You're not logged in!

Compare scores with friends on all Sporcle quizzes.
OR
Log In

Show Comments

Extras

Top Quizzes Today


Score Distribution

Your Account Isn't Verified!

In order to create a playlist on Sporcle, you need to verify the email address you used during registration. Go to your Sporcle Settings to finish the process.

Report this User

Report this user for behavior that violates our Community Guidelines.

Details: